Hodnotenie vzdelávacieho procesu a možnosti zlepšenia úrovne vzdelávania na Podnikovohospodárskej fakulte Ekonomickej univerzity v Bratislave so sídlom v Košiaciach

Problematika kvality vzdelávacieho procesu je vysoko aktuálna nie len u nás, ale všade vo svete. Aktuálne problémy vysokého školstva sa týkajú narastajúcich problémov ohľadom financovania vysokých škôl, potreby zvýšiť kvalitnú vedecko-výskumnú činnosť v spolupráci s praxou, získavania mimorozpočtový...

Descripción completa

Guardado en:
Detalles Bibliográficos
Autor principal: Andrejovský, Pavol, 1975-
Formato: Capítulo de libro
Lenguaje:eslovaco
Materias:
Etiquetas: Agregar Etiqueta
Sin Etiquetas, Sea el primero en etiquetar este registro!

MARC

LEADER 00000nla a2200000 4500
001 0199264
005 20240502073352.8
041 0 |a slo 
044 |a SK 
245 1 0 |a Hodnotenie vzdelávacieho procesu a možnosti zlepšenia úrovne vzdelávania na Podnikovohospodárskej fakulte Ekonomickej univerzity v Bratislave so sídlom v Košiaciach  |c Pavol Andrejovský 
520 |a Problematika kvality vzdelávacieho procesu je vysoko aktuálna nie len u nás, ale všade vo svete. Aktuálne problémy vysokého školstva sa týkajú narastajúcich problémov ohľadom financovania vysokých škôl, potreby zvýšiť kvalitnú vedecko-výskumnú činnosť v spolupráci s praxou, získavania mimorozpočtových zdrojov a ďalších problémov, ktoré sú vnímané spoločnosťou citlivo. Z očakávaní je potrebné vyvinúť úsilie smerom k marketingovým aktivitám a práci so zainteresovanými stranami smerujúcej k získaniu dostatočného počtu uchádzačov i k získaniu akreditácie do ďalšieho obdobia. Pripravené, odovzdané podklady pre komplexnú akreditáciu a prvá spätná väzba poukazujú na zlepšenie výkonnosti fakulty aj v pedagogickej činnosti. 
610 2 0 |a vzdelávanie vysokoškolské 
610 2 0 |a univerzity 
610 2 0 |a kvalita vzdelávania 
610 2 0 |a výučba vedecká 
100 1 |a Andrejovský, Pavol, 1975-